000 00550 a2200217 4500
260 _aNew York
630 _a34 - Droit. Jurisprudence. Legislation
037 _b1, DON KEKE
650 _a3 - SCIENCES SOCIALES
260 _bEd. Nations Unies
245 _aReports of international arbitral awards : recueil des sentences arbitrales : volume XXII
300 _a416 p
650 _aDroit International
260 _c2001
300 _b25 cm
100 _lFr
037 _a08/358
020 _a92-1-033083-8
999 _c45855
_d45855